Elusive togetherness : church groups trying to bridge America's divisions
Αποθηκεύτηκε σε:
| Κύριος συγγραφέας: | |
|---|---|
| Μορφή: | Βιβλίο |
| Γλώσσα: | English |
| Δημοσίευση: |
Princeton :
Princeton University Press,
2005
|
| Σειρά: | Princeton studies in cultural sociology
|
| Θέματα: | |
| Ετικέτες: |
Προσθήκη ετικέτας
Δεν υπάρχουν, Καταχωρήστε ετικέτα πρώτοι!
|
MARC
| LEADER | 00000nam a2200000 i 4500 | ||
|---|---|---|---|
| 001 | 1/84825 | ||
| 008 | 080514s2005 eng d | ||
| 020 | |a 0-691-09650-3 | ||
| 035 | |l 10097277 | ||
| 040 | |a GR-MY-UA |b gre |e aacr | ||
| 041 | 0 | |a eng | |
| 082 | 0 | |a 306.60973 |2 (22) | |
| 100 | 1 | |a Lichterman, Paul. | |
| 245 | 1 | 0 | |a Elusive togetherness : |b church groups trying to bridge America's divisions / |c Paul Lichterman |
| 260 | |a Princeton : |b Princeton University Press, |c 2005 | ||
| 300 | |a xi, 331 σ.; |c 24 εκ. | ||
| 490 | 1 | |a Princeton studies in cultural sociology | |
| 504 | |a Βιβλιογραφία: σ. 303-323 | ||
| 504 | |a Ευρετήριο: σ. 325-331 | ||
| 650 | 0 | 0 | |a Religion and state |z United States. |
| 650 | 0 | 0 | |a Social action |z United States. |
| 650 | 0 | 0 | |a Voluntarism |z United States. |
| 650 | 0 | 0 | |a Associations, institutions, etc. |z United States. |
| 650 | 0 | 0 | |a Small groups |x Religious aspects. |
| 830 | 0 | |a Princeton studies in cultural sociology | |
| 852 | |a INST |b LESVOS |e 20080514 |h 306.60973 LIC |p 005100042514 |q 005100042514 |t BK |y 0 | ||
| 901 | |a BIBL1-2008-2 | ||
| 909 | |a Λ |b 142675 | ||
| 922 | |a 1ΕΛΗ |b 200712 |c ΕΠΕΑΕΚ2/ΤΚ |d ΕΛΕΥΘΕΡΟΥΔΑΚΗΣ | ||
| 970 | |a ΧΑΤΖΗΜΙΧΑΗΛ |b ΜΑΡΙΑ |z 2008/05/14 | ||